[Event "FAI-chT3 1920"]
[Site "Faroe Islands"]
[Date "2019.12.01"]
[Round "5.1"]
[White "Gaard, Jaspur T"]
[Black "Ravnsfjall, Oddmar"]
[Result "0-1"]
[WhiteElo "1670"]
[BlackElo "1627"]
[PlyCount "48"]
[EventDate "2019.10.13"]
[EventType "team-tourn"]
[EventRounds "11"]
[EventCountry "FAI"]
[SourceTitle "CBM 195 Extra"]
[Source "ChessBase"]
[SourceDate "2020.05.31"]
[SourceVersion "1"]
[SourceVersionDate "2020.05.31"]
[SourceQuality "1"]
[WhiteTeam "Havnin IV"]
[BlackTeam "Sandavagur III"]
[WhiteTeamCountry "FAI"]
[BlackTeamCountry "FAI"]

1. e4 e5 2. Nf3 Nc6 3. Bc4 Bc5 4. c3 h6 5. d4 exd4 6. cxd4 Bb6 7. 0-0 d6 8. Be3 Bg4 9. h3 Bd7 10. e5 Nge7 11. Nc3 0-0 12. Qd2 Nf5 13. Nd5 dxe5 14. dxe5 Be6 15. Nxb6 axb6 16. Bxe6 fxe6 17. Qc3 Nh4 18. Nh2 Qd5 19. f3 Qxe5 20. Qxe5 Nxe5 21. Rfe1 Nhg6 22. Bd4 Nc6 23. Rxe6 Nf4 24. Re4 Nxd4 0-1